Industriálny vek ľudstva sa končí
Prvá vlna - agrárna revolúcia. Druhá vlna - industrializácia. Tretia vlna - vedomostná, ktorá zachvátila vyspelý svet, transformujúc všetko, čoho sa dotkla. Nový spôsob života. Sila vedomostí, poznatkov. Slovensko zaostáva v civilizačných procesoch vedomostnej spoločnosti a digitálnej ekonomiky za v...
Saved in:
| Main Author: | |
|---|---|
| Format: | Book Chapter |
| Language: | Slovak |
| Subjects: | |
| Tags: |
No Tags, Be the first to tag this record!
|
MARC
| LEADER | 00000naa$a2200000$$$4500 | ||
|---|---|---|---|
| 001 | 0093592 | ||
| 005 | 20231016090001.5 | ||
| 041 | 0 | |a slo | |
| 044 | |a SK | ||
| 245 | 1 | 0 | |a Industriálny vek ľudstva sa končí |c Alexander Sotník |
| 520 | |a Prvá vlna - agrárna revolúcia. Druhá vlna - industrializácia. Tretia vlna - vedomostná, ktorá zachvátila vyspelý svet, transformujúc všetko, čoho sa dotkla. Nový spôsob života. Sila vedomostí, poznatkov. Slovensko zaostáva v civilizačných procesoch vedomostnej spoločnosti a digitálnej ekonomiky za vyspelými krajinami sveta. | ||
| 610 | 2 | 0 | |a industrializácia |
| 610 | 2 | 0 | |a spoločnosť industriálna |
| 610 | 2 | 0 | |a spoločnosť vedomostná |
| 610 | 2 | 0 | |a digitalizácia |
| 610 | 2 | 0 | |a školstvo |
| 610 | 2 | 0 | |a vzdelanie |
| 610 | 2 | 0 | |a Slovensko |
| 610 | 2 | 0 | |a krajiny vyspelé |
| 100 | 1 | |a Sotník, Alexander | |